[Event "Dhaka Walton op"]
[Site "Dhaka"]
[Date "2022.04.08"]
[Round "5"]
[White "Mukitul, Islam Ripon"]
[Black "Md Abzid, Rahman"]
[Result "0-1"]
[WhiteElo "1932"]
[BlackElo "2091"]
[PlyCount "96"]
[EventDate "2022.04.04"]
[EventType "swiss"]
[EventRounds "9"]
[EventCountry "BAN"]
[SourceTitle "CBM 207 Extra"]
[Source "ChessBase"]
[SourceDate "2022.05.31"]
[SourceVersion "1"]
[SourceVersionDate "2022.05.31"]
[SourceQuality "1"]

1. e4 d5 2. exd5 Qxd5 3. Nc3 Qd6 4. d4 Nf6 5. Nf3 c6 6. Be2 Bg4 7. Be3 Nbd7 8. Qd2 e6 9. Bf4 Qb4 10. 0-0 Nb6 11. a3 Qe7 12. Ne5 Bxe2 13. Qxe2 Qd8 14. Rad1 Be7 15. Rfe1 0-0 16. Bg3 Nbd7 17. b4 Nd5 18. Nxd5 cxd5 19. c4 dxc4 20. Nxc4 Nf6 21. Be5 Nd5 22. Qg4 g6 23. Rd3 Rc8 24. Na5 b6 25. Nb3 Bf6 26. Nd2 Bg7 27. Nf3 Rc3 28. Rxc3 Nxc3 29. h4 Qd5 30. Bxg7 Kxg7 31. Re5 Qb3 32. h5 Qxa3 33. hxg6 hxg6 34. g3 Qxb4 35. Nh4 Rd8 36. Nf3 Qb1+ 37. Kg2 Qd1 38. Rh5 Rd5 39. Rh1 Qd3 40. Qf4 Rf5 41. Qh6+ Kf6 42. Qh4+ g5 43. Qh8+ Ke7 44. Qa8 Ne4 45. Qxa7+ Kf6 46. Rh6+ Kg7 47. Rg6+ Kh7 48. Nxg5+ Kxg6 0-1

[Event "BAN-chT 1st League"]
[Site "Dhaka"]
[Date "2022.03.14"]
[Round "5.2"]
[White "Mukitul, Islam Ripon"]
[Black "Harikrishnan, A Ra"]
[Result "0-1"]
[WhiteElo "1995"]
[BlackElo "2422"]
[PlyCount "101"]
[EventDate "2022.03.10"]
[EventType "team-tourn"]
[EventRounds "11"]
[EventCountry "BAN"]
[SourceTitle "EXT 2023"]
[Source "ChessBase"]
[SourceDate "2022.10.05"]
[SourceVersion "1"]
[SourceVersionDate "2022.10.05"]
[SourceQuality "1"]
[WhiteTeam "Agrani Bank Daba Dal"]
[BlackTeam "Sultana Kamal Smirity Pathagar"]
[WhiteTeamCountry "BAN"]
[BlackTeamCountry "BAN"]

1. e4 c5 2. Nf3 d6 3. d4 cxd4 4. Nxd4 Nf6 5. Nc3 Nc6 6. Be2 g6 7. Be3 Bg7 8. h3 0-0 9. Qd2 Bd7 10. 0-0-0 Rc8 11. g4 Ne5 12. Bh6 Nc4 13. Bxc4 Rxc4 14. Bxg7 Kxg7 15. f3 Qa5 16. Kb1 Be6 17. Nb3 Qb4 18. h4 h5 19. Qg5 Rh8 20. e5 dxe5 21. Qxe5 hxg4 22. a3 Qb6 23. h5 gxf3 24. hxg6 Rxh1 25. Rxh1 fxg6 26. Nd2 Rc5 27. Qe3 Rh5 28. Qxf3 Qc6 29. Rxh5 Qxf3 30. Rh7+ Nxh7 31. Nxf3 Kf6 32. Kc1 Kf5 33. Kd2 Kf4 34. Nd4 Bc4 35. b3 e5 36. Ncb5 Bxb5 37. Nxb5 a6 38. Nd6 b6 39. c4 Nf8 40. Nc8 Nd7 41. Ke2 Ke4 42. Nd6+ Kd4 43. b4 g5 44. a4 g4 45. Kf2 Kd3 46. Kg3 e4 47. Kf4 e3 48. Kg3 Ne5 49. c5 bxc5 50. bxc5 e2 51. Kf2 0-1

[Event "Dhaka Al Mahmud Memorial"]
[Site "Dhaka"]
[Date "2022.02.09"]
[Round "5"]
[White "Mukitul, Islam Ripon"]
[Black "Anata, Choudhury"]
[Result "0-1"]
[WhiteElo "1983"]
[BlackElo "2170"]
[PlyCount "114"]
[EventDate "2022.02.05"]
[EventType "swiss"]
[EventRounds "9"]
[EventCountry "BAN"]
[SourceTitle "CBM 206 Extra"]
[Source "ChessBase"]
[SourceDate "2022.03.31"]
[SourceVersion "1"]
[SourceVersionDate "2022.03.31"]
[SourceQuality "1"]

1. e4 c5 2. Nf3 d6 3. d4 cxd4 4. Nxd4 Nf6 5. Nc3 a6 6. Be2 e5 7. Nb3 Be7 8. Be3 Be6 9. 0-0 0-0 10. f4 exf4 11. Bxf4 Nc6 12. Kh1 d5 13. e5 Nd7 14. Nxd5 Ndxe5 15. c4 Bg5 16. Bg3 b5 17. cxb5 axb5 18. Nc3 b4 19. Ne4 Qxd1 20. Rfxd1 Rxa2 21. Rxa2 Bxb3 22. Nxg5 Bxa2 23. Bb5 Bb3 24. Rd6 Rc8 25. h3 f6 26. Ne4 Bc4 27. Ba4 Bf7 28. Be1 Kf8 29. Bf2 Kg8 30. Kh2 h6 31. Bb5 Ne7 32. Rd4 Rc2 33. Rd8+ Kh7 34. Rd2 b3 35. Be1 Nf5 36. Rf2 Nd4 37. Bf1 Ndf3+ 38. gxf3 Nxf3+ 39. Kg3 Nxe1 40. Nd6 Bg6 41. Nc4 Nd3 42. Bxd3 Bxd3 43. Na5 Bc4 44. Nxc4 Rxc4 45. Rf3 Rb4 46. Kf2 Kg6 47. Rg3+ Kf7 48. Ke2 g5 49. Kd3 f5 50. Kc3 Rb6 51. Rd3 Kf6 52. Rd8 f4 53. Kd4 Ke7 54. Rh8 Rf6 55. Rb8 f3 56. Rb7+ Kf8 57. Ra7 f2 0-1

[Event "Dhaka Walton op"]
[Site "Dhaka"]
[Date "2021.06.19"]
[Round "5"]
[White "Mukitul, Islam Ripon"]
[Black "Ahmed, Sk Nasir"]
[Result "0-1"]
[WhiteElo "1930"]
[BlackElo "2178"]
[PlyCount "80"]
[EventDate "2021.06.15"]
[EventType "swiss"]
[EventRounds "9"]
[EventCountry "BAN"]
[SourceTitle "EXT 2022"]
[Source "ChessBase"]
[SourceDate "2021.10.06"]
[SourceVersion "1"]
[SourceVersionDate "2021.10.06"]
[SourceQuality "1"]

1. e4 c5 2. Nf3 e6 3. d4 cxd4 4. Nxd4 Nc6 5. Nb5 d6 6. c4 a6 7. N5a3 Nf6 8. Nc3 Be7 9. Be2 0-0 10. 0-0 b6 11. f4 Qc7 12. Be3 Nb8 13. Rc1 Bb7 14. Bd3 Nbd7 15. b4 Rac8 16. Nab1 Qb8 17. a3 Rfe8 18. g4 Qa8 19. Nd2 d5 20. cxd5 exd5 21. e5 Ne4 22. Ndxe4 dxe4 23. Bb1 Nf8 24. Bxb6 e3 25. Bxe3 Ng6 26. g5 a5 27. Qh5 axb4 28. axb4 Bxb4 29. Bd4 Rcd8 30. Nb5 Qa4 31. Bd3 Rxd4 32. Nxd4 Bc5 33. Rxc5 Qxd4+ 34. Rf2 Qxc5 35. Bf1 Nxf4 36. Qd1 Qc6 37. Rxf4 Qh1+ 38. Kf2 Qxh2+ 39. Ke3 Rxe5+ 40. Re4 Rxe4+ 0-1

[Event "Dhaka Walton op"]
[Site "Dhaka"]
[Date "2021.06.16"]
[Round "2"]
[White "Subrota, Biswas"]
[Black "Mukitul, Islam Ripon"]
[Result "1-0"]
[WhiteElo "2268"]
[BlackElo "1930"]
[PlyCount "77"]
[EventDate "2021.06.15"]
[EventType "swiss"]
[EventRounds "9"]
[EventCountry "BAN"]
[SourceTitle "EXT 2022"]
[Source "ChessBase"]
[SourceDate "2021.10.06"]
[SourceVersion "1"]
[SourceVersionDate "2021.10.06"]
[SourceQuality "1"]

1. d4 Nf6 2. c4 d5 3. cxd5 Qxd5 4. Nc3 Qa5 5. Nf3 c6 6. Ne5 e6 7. g3 Nbd7 8. Nc4 Qb4 9. e3 Ne4 10. a3 Nxc3 11. bxc3 Qe7 12. Bg2 Nb6 13. Ne5 f6 14. Qh5+ g6 15. Nxg6 hxg6 16. Qxh8 Bd7 17. Qg8 g5 18. Qg6+ Kd8 19. h4 Be8 20. Qd3 g4 21. a4 Kc7 22. a5 Nd7 23. a6 b6 24. Qe4 Nb8 25. Ba3 Qf7 26. Qf4+ e5 27. dxe5 Qb3 28. exf6+ Kc8 29. Bb4 Nxa6 30. 0-0 Nxb4 31. cxb4 Qxb4 32. e4 Bd7 33. Rfd1 a5 34. Rxd7 Kxd7 35. Rd1+ Bd6 36. Qxg4+ Kc7 37. Qg7+ Kb8 38. e5 Bc7 39. Bxc6 1-0

[Event "BAN-ch Morning Glory Online"]
[Site "Chess.com INT"]
[Date "2020.10.30"]
[Round "5"]
[White "Noshin, Anjum"]
[Black "Mukitul, Islam Ripon"]
[Result "0-1"]
[WhiteElo "1676"]
[BlackElo "1966"]
[PlyCount "84"]
[EventDate "2020.10.29"]
[EventType "swiss"]
[EventRounds "9"]
[EventCountry "BAN"]
[SourceTitle "EXT 2022"]
[Source "ChessBase"]
[SourceDate "2021.10.06"]
[SourceVersion "1"]
[SourceVersionDate "2021.10.06"]
[SourceQuality "1"]

1. e4 d5 2. exd5 Qxd5 3. Nc3 Qa5 4. d4 c6 5. Nf3 Nf6 6. Bc4 Bg4 7. h3 Bh5 8. g4 Bg6 9. Ne5 e6 10. Qe2 Bb4 11. Bd2 Nbd7 12. Nxg6 hxg6 13. 0-0-0 0-0-0 14. Kb1 Nd5 15. Nxd5 exd5 16. Bb3 Rde8 17. Qd3 Bxd2 18. Rxd2 Nf6 19. f3 Re7 20. c3 Rhe8 21. a3 Re3 22. Qf1 Qc7 23. Ka2 Qf4 24. Rf2 Qd6 25. h4 Qg3 26. Qg1 Rxf3 27. Qxg3 Rxg3 28. g5 Ne4 29. Rxf7 Rg2 30. Ka1 Nd2 31. Bd1 Nc4 32. Bf3 Rxb2 33. Rxg7 Rb3 34. Bg4+ Kb8 35. Rxg6 Rxa3+ 36. Kb1 Rxc3 37. h5 Rg3 38. Bd7 Re2 39. h6 Rb2+ 40. Kc1 Rc3+ 41. Kd1 Rd2+ 42. Ke1 Rc1# 0-1

[Event "BAN-ch Morning Glory Online"]
[Site "Chess.com INT"]
[Date "2020.10.29"]
[Round "2"]
[White "Wadifa, Ahmed"]
[Black "Mukitul, Islam Ripon"]
[Result "1/2-1/2"]
[WhiteElo "1565"]
[BlackElo "1966"]
[PlyCount "157"]
[EventDate "2020.10.29"]
[EventType "swiss"]
[EventRounds "9"]
[EventCountry "BAN"]
[SourceTitle "EXT 2022"]
[Source "ChessBase"]
[SourceDate "2021.10.06"]
[SourceVersion "1"]
[SourceVersionDate "2021.10.06"]
[SourceQuality "1"]

1. e4 d5 2. exd5 Qxd5 3. Nc3 Qa5 4. Nf3 Nf6 5. d4 c6 6. Bc4 Bg4 7. h3 Bh5 8. 0-0 e6 9. Bf4 Be7 10. Re1 0-0 11. Bb3 Bb4 12. Qd3 Bg6 13. Qe3 Nbd7 14. a3 Bxc3 15. bxc3 Nd5 16. Bxd5 cxd5 17. Re2 Rac8 18. Rb1 b6 19. Bd6 Rfe8 20. Bb4 Qa4 21. Rb3 a5 22. Bd6 Rc6 23. Be5 Bxc2 24. Rb2 Bg6 25. Qd2 Qxa3 26. Re3 Rec8 27. Ra2 Qb3 28. Rb2 Qc4 29. Nh4 Nxe5 30. Rxe5 Qxc3 31. Qxc3 Rxc3 32. Nxg6 hxg6 33. Rxb6 Ra8 34. Re3 Rc1+ 35. Kh2 Rd1 36. Ra3 Rxd4 37. Rb5 a4 38. Kg3 Rc4 39. Kf3 Kf8 40. Rb7 Ke8 41. Ke3 e5 42. Rb5 Rd8 43. Ra5 Ke7 44. R5xa4 Rxa4 45. Rxa4 Ke6 46. f3 f5 47. Ra6+ Rd6 48. Ra7 f4+ 49. Kd3 Kf6 50. h4 Rb6 51. Kc3 d4+ 52. Kc4 Rb2 53. Ra6+ Kf5 54. Ra7 Rxg2 55. Kd5 g5 56. Rxg7 Kf6 57. Rg8 d3 58. hxg5+ Rxg5 59. Rd8 Ke7 60. Ra8 d2 61. Ra1 Kf6 62. Ke4 Rh5 63. Rd1 Rh2 64. Rxd2 Rh4 65. Rd6+ Ke7 66. Rd5 Rh5 67. Rxe5+ Rxe5+ 68. Kxe5 Kf7 69. Kf5 Ke7 70. Kxf4 Kf6 71. Kg4 Kg6 72. f4 Kf6 73. f5 Kf7 74. Kg5 Kg7 75. f6+ Kf7 76. Kf5 Kf8 77. Kg6 Kg8 78. f7+ Kf8 79. Kf6 1/2-1/2

[Event "Dhaka Saarc op"]
[Site "Dhaka"]
[Date "2019.11.29"]
[Round "5"]
[White "Md, Sharif Hossain"]
[Black "Mukitul, Islam Ripon"]
[Result "1-0"]
[WhiteElo "2148"]
[BlackElo "1880"]
[PlyCount "125"]
[EventDate "2019.11.25"]
[EventType "swiss"]
[EventRounds "9"]
[EventCountry "BAN"]
[SourceTitle "CBM 193 Extra"]
[Source "ChessBase"]
[SourceDate "2020.01.31"]
[SourceVersion "1"]
[SourceVersionDate "2020.01.31"]
[SourceQuality "1"]

1. e4 c5 2. Nf3 a6 3. d4 cxd4 4. Nxd4 Nf6 5. Nc3 e5 6. Nf3 d6 7. Bg5 Be7 8. Bxf6 Bxf6 9. Qd3 Be6 10. 0-0-0 Be7 11. Nd5 Bxd5 12. Qxd5 Nc6 13. a3 Qc7 14. g3 0-0 15. Bh3 Rfd8 16. Kb1 b5 17. Rd3 Qb6 18. Rf1 a5 19. Bg4 a4 20. c3 Ra5 21. Qa2 Ra7 22. Ne1 Na5 23. Qd5 Nb3 24. Bd1 Na5 25. Nc2 Rc7 26. Rf3 Bf8 27. Nb4 Nc4 28. Be2 Rdd7 29. Rd1 Rc5 30. Qd3 Qb7 31. Qc2 Nb6 32. Bd3 g6 33. Qe2 Nc4 34. h4 Bg7 35. g4 Qc8 36. Nd5 Rb7 37. Rg3 f6 38. Qc2 Kh8 39. Bf1 Nb6 40. Nb4 Rd7 41. g5 Qb7 42. Bh3 Rd8 43. Be6 Qa7 44. h5 fxg5 45. hxg6 h6 46. Bd5 Nxd5 47. Nxd5 Qd7 48. Qe2 Qe6 49. Qh5 Kg8 50. Rgd3 Rc4 51. f3 Rc6 52. Ne3 b4 53. cxb4 Rdc8 54. Rd5 Qd7 55. Qg4 Qc7 56. Qe6+ Kh8 57. Rxd6 Rc1+ 58. Rxc1 Qxc1+ 59. Ka2 h5 60. Rd1 Qc7 61. Rd7 Qc6 62. Rd8+ Bf8 63. Rxf8+ 1-0

[Event "Dhaka Saarc op"]
[Site "Dhaka"]
[Date "2019.11.27"]
[Round "3"]
[White "Md Jamal, Uddin"]
[Black "Mukitul, Islam Ripon"]
[Result "0-1"]
[WhiteElo "2064"]
[BlackElo "1880"]
[PlyCount "66"]
[EventDate "2019.11.25"]
[EventType "swiss"]
[EventRounds "9"]
[EventCountry "BAN"]
[SourceTitle "CBM 193 Extra"]
[Source "ChessBase"]
[SourceDate "2020.01.31"]
[SourceVersion "1"]
[SourceVersionDate "2020.01.31"]
[SourceQuality "1"]

1. Nf3 d5 2. d4 Nf6 3. c4 e6 4. Bg5 Be7 5. e3 0-0 6. Nc3 c5 7. dxc5 Qa5 8. Nd2 dxc4 9. Bxc4 Qxc5 10. Bh4 Rd8 11. Qe2 Nc6 12. Nb3 Qb4 13. a3 Qb6 14. Bd3 Bd6 15. Rc1 a6 16. Na4 Qa7 17. Bg3 Bxg3 18. hxg3 Ne5 19. Bb1 Bd7 20. Nc3 Rac8 21. Nd4 Bc6 22. f4 Ng6 23. Rd1 Ne7 24. g4 g6 25. g5 Nfd5 26. Ne4 Nf5 27. Rh3 Ndxe3 28. Nf6+ Kf8 29. Nxh7+ Ke7 30. Nxf5+ Nxf5 31. Rhd3 Bb5 32. Qe4 Qg1+ 33. Ke2 Nd4+ 0-1

[Event "Dhaka Saarc op"]
[Site "Dhaka"]
[Date "2019.11.25"]
[Round "1"]
[White "Mohammad Fahad, Rahman"]
[Black "Mukitul, Islam Ripon"]
[Result "1-0"]
[WhiteElo "2247"]
[BlackElo "1880"]
[PlyCount "63"]
[EventDate "2019.11.25"]
[EventType "swiss"]
[EventRounds "9"]
[EventCountry "BAN"]
[SourceTitle "CBM 193 Extra"]
[Source "ChessBase"]
[SourceDate "2020.01.31"]
[SourceVersion "1"]
[SourceVersionDate "2020.01.31"]
[SourceQuality "1"]

1. e4 c5 2. Nf3 d6 3. d4 cxd4 4. Qxd4 Nc6 5. Qe3 Nf6 6. c4 g6 7. Nc3 Bg7 8. Be2 0-0 9. 0-0 Ng4 10. Qd2 h6 11. b3 Be6 12. Bb2 Kh7 13. Nd5 f5 14. Bxg7 Kxg7 15. Nd4 Bd7 16. exf5 gxf5 17. Bxg4 fxg4 18. Rae1 e5 19. Nb5 Bf5 20. Ne3 Qh4 21. Nxd6 Bg6 22. Qd5 Rad8 23. Qe6 Kh7 24. Nxb7 Nd4 25. Qxg4 Qxg4 26. Nxg4 Rd7 27. Nc5 Rc7 28. Rxe5 h5 29. Rd1 Rf4 30. Nf6+ Kh6 31. Nfe4 Ne2+ 32. Kf1 1-0

[Event "BAN-chB 44th"]
[Site "Dhaka"]
[Date "2018.11.20"]
[Round "9"]
[White "Mukitul, Islam Ripon"]
[Black "Mihir Lal, Das"]
[Result "0-1"]
[WhiteElo "1852"]
[BlackElo "2026"]
[PlyCount "92"]
[EventDate "2018.11.13"]
[EventType "swiss"]
[EventRounds "9"]
[EventCountry "BAN"]
[SourceTitle "CBM 187 Extra"]
[Source "ChessBase"]
[SourceDate "2018.11.04"]
[SourceVersion "1"]
[SourceVersionDate "2018.11.04"]
[SourceQuality "1"]

1. e4 c5 2. Nf3 Nc6 3. d4 cxd4 4. Nxd4 g6 5. c4 Bg7 6. Be3 Nf6 7. Nc3 d6 8. Be2 a6 9. 0-0 0-0 10. Rc1 Nxd4 11. Bxd4 Bd7 12. f4 Bc6 13. Bf3 Rc8 14. b3 Qa5 15. Qe1 Rfe8 16. Qf2 Nd7 17. Bxg7 Kxg7 18. Kh1 Qc5 19. Qd2 b5 20. Nd5 Bxd5 21. cxd5 Qb6 22. h4 h5 23. g4 hxg4 24. Bxg4 Rxc1 25. Rxc1 Nf6 26. Bf3 Rh8 27. Kh2 Rxh4+ 28. Kg3 Rh6 29. Qc3 Kh7 30. e5 Nh5+ 31. Bxh5 Rxh5 32. Rf1 Qa7 33. Kg4 Qd7+ 34. f5 dxe5 35. Qc6 Qd6 36. a3 Rxf5 37. Rh1+ Kg7 38. Qe8 Rh5 39. Rxh5 gxh5+ 40. Kxh5 Qxd5 41. Qxe7 Qf3+ 42. Kg5 Qf4+ 43. Kh5 Qf5+ 44. Qg5+ Qxg5+ 45. Kxg5 e4 46. Kf4 f5 0-1